[Event "Schachfestival 2014 - Senioren"]
[Site "Woerishofen Bad"]
[Date "2014.03.28"]
[Round "8.49"]
[White "Girod, Gudrun"]
[Black "Riegler, Markus"]
[Result "1/2-1/2"]
[WhiteElo "1565"]
[BlackElo "1817"]
[PlyCount "81"]
[EventDate "2014.03.21"]
[EventType "swiss"]
[EventCountry "GER"]
[WhiteTeam "Hannover 96"]
[BlackTeam "SK Mannheim-Lindenhof 1865"]
[WhiteTeamCountry "GER"]
[BlackTeamCountry "GER"]

1. d4 Nf6 2. Bf4 b6 3. Nf3 Bb7 4. e3 d6 5. h3 Nbd7 6. Be2 g6 7. O-O Bg7 8. c3
O-O 9. Nbd2 c5 10. Rc1 Rc8 11. Kh1 a6 12. Kg1 b5 13. Nh2 Qa5 14. a3 c4 15. Bf3
Bxf3 16. Nhxf3 Nd5 17. Bh2 e5 18. dxe5 Nxe5 19. Nxe5 dxe5 20. e4 Nf4 21. Bxf4
exf4 22. Nf3 Rfd8 23. Qe2 Rd3 24. Rcd1 Rcd8 25. e5 Qc7 26. e6 Qe7 27. exf7+
Kxf7 28. Qc2 Qd6 29. Rxd3 Qxd3 30. Qc1 Qf5 31. Rd1 Rd3 32. Rxd3 cxd3 33. Qd2 g5
34. Ne1 h5 35. Qxd3 Qe6 36. Nf3 Kf6 37. Qd4+ Kg6 38. Qd3+ Kh6 39. Nd4 Qg6 40.
Qxg6+ Kxg6 41. f3 1/2-1/2

[Event "Schachfestival 2014 - Senioren"]
[Site "Woerishofen Bad"]
[Date "2014.03.28"]
[Round "8.6"]
[White "Maes, Valeer"]
[Black "Nordby, Berndt"]
[Result "1-0"]
[WhiteElo "2165"]
[BlackElo "2098"]
[PlyCount "53"]
[EventDate "2014.03.21"]
[EventType "swiss"]
[EventCountry "GER"]
[WhiteTeam "KSK 47 Eynatten"]
[BlackTeam "Sarpsborg SK"]
[WhiteTeamCountry "BEL"]
[BlackTeamCountry "NOR"]

1. d4 Nf6 2. Nf3 g6 3. Bg5 Bg7 4. Nbd2 O-O 5. c3 d6 6. e4 c5 7. dxc5 dxc5 8.
Be2 Nc6 9. O-O h6 10. Be3 b6 11. h3 Bb7 12. Bf4 Qd7 13. Qc2 Rad8 14. Rfe1 Nh5
15. Bh2 e5 16. Nc4 f6 17. Rad1 Qc7 18. Nh4 Nf4 19. Bxf4 exf4 20. Nxg6 Rfe8 21.
Nh4 b5 22. Nd2 c4 23. Nxc4 Nd4 24. cxd4 Bxe4 25. Qc3 bxc4 26. Bxc4+ Kh8 27. Bb5
1-0

[Event "Schachfestival 2014 - Senioren"]
[Site "Woerishofen Bad"]
[Date "2014.03.28"]
[Round "8.36"]
[White "Aufmwasser, Guenter"]
[Black "Meinke, Dietlind"]
[Result "1/2-1/2"]
[WhiteElo "1704"]
[BlackElo "1925"]
[PlyCount "94"]
[EventDate "2014.03.21"]
[EventType "swiss"]
[EventCountry "GER"]
[WhiteTeam "Schachverein 1922 Hilden"]
[BlackTeam "MTV Leck von 1889"]
[WhiteTeamCountry "GER"]
[BlackTeamCountry "GER"]

1. f4 g6 2. Nf3 Bg7 3. e3 d6 4. Be2 Nf6 5. O-O O-O 6. c3 c6 7. Na3 b5 8. Nc2
Bb7 9. b4 a5 10. a3 Nbd7 11. Qe1 e6 12. Bb2 Nb6 13. bxa5 Na4 14. Bc1 Qxa5 15.
Nfd4 Ne4 16. Bd3 Nac5 17. Bxe4 Nxe4 18. Nb3 Qb6 19. Bb2 Ra4 20. d3 Nc5 21. Nxc5
Qxc5 22. Rf2 Ra7 23. d4 Qb6 24. Rb1 Qc7 25. Qe2 Qd7 26. e4 f6 27. Ne3 c5 28.
dxc5 Bxe4 29. Rd1 d5 30. c4 bxc4 31. Nxc4 Qc6 32. Nd2 f5 33. Bxg7 Kxg7 34. Nxe4
fxe4 35. Qe3 Qa4 36. Qc3+ Kg8 37. Ra1 Rc8 38. Rff1 d4 39. Qb4 Rca8 40. Rad1 d3
41. Rfe1 Rd7 42. Qxe4 Qxe4 43. Rxe4 Rxa3 44. Re3 Rc3 45. c6 Rxc6 46. Rexd3 Rxd3
47. Rxd3 Rc7 1/2-1/2

[Event "Schachfestival 2014 - Senioren"]
[Site "Woerishofen Bad"]
[Date "2014.03.28"]
[Round "8.3"]
[White "Neese, Hans Joachim"]
[Black "Ofstad, Per"]
[Result "1-0"]
[WhiteElo "2172"]
[BlackElo "2164"]
[PlyCount "47"]
[EventDate "2014.03.21"]
[EventType "swiss"]
[EventCountry "GER"]
[WhiteTeam "Schachverein Hennef 1927 e.V."]
[BlackTeam "Oslo Schakselskap"]
[WhiteTeamCountry "GER"]
[BlackTeamCountry "NOR"]

1. Nf3 d5 2. d4 Nf6 3. c4 c6 4. Nc3 e6 5. Qb3 Nbd7 6. Bf4 Qb6 7. c5 Qxb3 8.
axb3 Ne4 9. b4 b5 10. Nd2 Nxd2 11. Kxd2 Be7 12. e4 dxe4 13. Nxe4 Nf6 14. Nxf6+
Bxf6 15. Kc3 a6 16. g4 Bb7 17. g5 Be7 18. h4 g6 19. Bd3 f6 20. h5 Kf7 21. Rag1
gxh5 22. Rxh5 Rag8 23. Rxh7+ Ke8 24. gxf6 1-0

[Event "Schachfestival 2014 - Senioren"]
[Site "Woerishofen Bad"]
[Date "2014.03.28"]
[Round "8.35"]
[White "Niedermaier, Peter"]
[Black "Jaeger, Erich"]
[Result "0-1"]
[WhiteElo "1844"]
[BlackElo "1963"]
[PlyCount "84"]
[EventDate "2014.03.21"]
[EventType "swiss"]
[EventCountry "GER"]
[WhiteTeam "SU Ebersberg-Grafing"]
[BlackTeam "PTSV Neustadt"]
[WhiteTeamCountry "GER"]
[BlackTeamCountry "GER"]

1. e4 c5 2. Nf3 d6 3. d4 cxd4 4. Nxd4 Nf6 5. Nc3 a6 6. Bc4 e6 7. O-O b5 8. Bd3
Bb7 9. Re1 Be7 10. f3 O-O 11. a3 Nfd7 12. Be3 Bf6 13. Bf1 Qc7 14. Rb1 Nb6 15.
Ndxb5 axb5 16. Nxb5 Qc6 17. Qxd6 N8d7 18. Red1 Be5 19. Qxc6 Bxc6 20. c3 Rab8
21. Nd4 Ba8 22. Nc2 g6 23. Nb4 f5 24. exf5 gxf5 25. f4 Bg7 26. Rd2 Nf6 27. Rd6
Nbd5 28. Rxe6 Nxe3 29. Rxe3 Ne4 30. Bc4+ Kh8 31. Rd1 Rfd8 32. Red3 Rxd3 33.
Rxd3 Bf6 34. Rd7 Bd8 35. Bd5 Nf6 36. Rd6 Be7 37. Rxf6 Bxf6 38. Bxa8 Rxa8 39. g3
Kg7 40. Kg2 Rd8 41. Kh3 Rd2 42. a4 Rxb2 0-1

[Event "Schachfestival 2014 - Senioren"]
[Site "Woerishofen Bad"]
[Date "2014.03.28"]
[Round "8.29"]
[White "Abegg, Beat"]
[Black "Paulsen, Eckart"]
[Result "1/2-1/2"]
[WhiteElo "1910"]
[BlackElo "1856"]
[PlyCount "82"]
[EventDate "2014.03.21"]
[EventType "swiss"]
[EventCountry "GER"]
[WhiteTeam "SK Altdorf"]
[BlackTeam "Post SV Neustadt"]
[WhiteTeamCountry "GER"]
[BlackTeamCountry "GER"]

1. d4 Nf6 2. c4 e5 3. dxe5 Ng4 4. Nf3 Nc6 5. Bf4 Bb4+ 6. Nbd2 Qe7 7. a3 Bxd2+
8. Qxd2 Ngxe5 9. Nxe5 Nxe5 10. e3 d6 11. Be2 Be6 12. Qc3 f6 13. Bg3 O-O 14. O-O
Qf7 15. Rac1 b6 16. f4 Bg4 17. fxe5 Bxe2 18. Rf2 Bh5 19. exf6 g5 20. e4 Rae8
21. e5 dxe5 22. Bxe5 Re6 23. Qg3 h6 24. h4 g4 25. Qf4 Rfe8 26. Bc3 Kh7 27. g3
Re4 28. Qf5+ Bg6 29. Qd5 R4e6 30. Rd1 Re3 31. Qxf7+ Bxf7 32. Kh2 Re2 33. Rd2
Rxf2+ 34. Rxf2 Bxc4 35. Rf4 Be6 36. Be5 c5 37. Bd6 Kg6 38. f7 Bxf7 39. Rxg4+
Kh7 40. Rf4 Re2+ 41. Kh3 Be6+ 1/2-1/2

[Event "Schachfestival 2014 - Senioren"]
[Site "Woerishofen Bad"]
[Date "2014.03.28"]
[Round "8.13"]
[White "Harsch, Martin"]
[Black "Huhn, Ulrich"]
[Result "1-0"]
[WhiteElo "2013"]
[BlackElo "1908"]
[PlyCount "51"]
[EventDate "2014.03.21"]
[EventType "swiss"]
[EventCountry "GER"]
[WhiteTeam "Roche Basel"]
[BlackTeam "SF Siemensstadt"]
[WhiteTeamCountry "SUI"]
[BlackTeamCountry "GER"]

1. e4 d5 2. exd5 Nf6 3. d4 Nxd5 4. Nf3 Bg4 5. c4 Nf6 6. Be2 c6 7. O-O e6 8. h3
Bh5 9. Nc3 Be7 10. Be3 O-O 11. g4 Bg6 12. Ne5 Nbd7 13. f4 h6 14. Nxg6 fxg6 15.
Bd3 Qe8 16. Qc2 Kh7 17. Rae1 Rh8 18. Kg2 Nf8 19. d5 cxd5 20. cxd5 Bb4 21. dxe6
Qc6+ 22. Kh2 Bxc3 23. bxc3 Nd5 24. Bd4 Nxe6 25. Bxg6+ Kg8 26. Qf5 1-0

[Event "Schachfestival 2014 - Senioren"]
[Site "Woerishofen Bad"]
[Date "2014.03.28"]
[Round "8.32"]
[White "Johnsen, Oystein"]
[Black "Storkebaum, Karl Heinrich"]
[Result "1-0"]
[WhiteElo "2048"]
[BlackElo "1959"]
[PlyCount "103"]
[EventDate "2014.03.21"]
[EventType "swiss"]
[EventCountry "GER"]
[WhiteTeam "Tönsberg"]
[BlackTeam "SAbt TEC Darmstadt"]
[WhiteTeamCountry "NOR"]
[BlackTeamCountry "GER"]

1. Nf3 d5 2. g3 c5 3. Bg2 Nf6 4. d4 e6 5. e3 Nc6 6. O-O Be7 7. b3 O-O 8. Bb2 b6
9. Ne5 Bb7 10. Nd2 cxd4 11. exd4 Rc8 12. Re1 b5 13. Bf1 Qb6 14. Ndf3 Nxe5 15.
Nxe5 Rfd8 16. Bd3 g6 17. Qf3 Kg7 18. g4 Bd6 19. Qf4 Qc7 20. Bc1 Bxe5 21. Rxe5
Ne4 22. Qh6+ Kg8 23. Be3 Qe7 24. g5 Rf8 25. Qh4 Bc6 26. Rf1 Bd7 27. f3 Nd6 28.
Bd2 Nf5 29. Qf2 b4 30. Rfe1 Qd6 31. Bf4 Qb6 32. Rxf5 gxf5 33. Be5 f6 34. gxf6
Rf7 35. Qh4 Kh8 36. Kf2 Rg8 37. Qh5 Be8 38. f4 Qd8 39. Re3 Rxf6 40. Qh4 Rgg6
41. Rg3 Kg7 42. Rh3 h5 43. Be2 Rg4 44. Bxg4 fxg4 45. Qg5+ Bg6 46. Rxh5 Kf7 47.
Rh6 Qe7 48. Kg3 a5 49. Qxf6+ Qxf6 50. Bxf6 Kxf6 51. Kxg4 Kf7 52. Rxg6 1-0

[Event "Schachfestival 2014 - Senioren"]
[Site "Woerishofen Bad"]
[Date "2014.03.28"]
[Round "8.16"]
[White "Mittermaier, Walter"]
[Black "Schuler, Georg"]
[Result "1-0"]
[WhiteElo "2104"]
[BlackElo "1888"]
[PlyCount "47"]
[EventDate "2014.03.21"]
[EventType "swiss"]
[EventCountry "GER"]
[WhiteTeam "SAbt TSV Haunstetten"]
[BlackTeam "SV Balingen"]
[WhiteTeamCountry "GER"]
[BlackTeamCountry "GER"]

1. d4 Nf6 2. c4 e6 3. Nc3 b6 4. a3 Bb7 5. f3 d5 6. e3 Nbd7 7. cxd5 exd5 8. Nge2
Be7 9. Ng3 c6 10. Bd3 a5 11. O-O Ba6 12. e4 Bxd3 13. Qxd3 dxe4 14. fxe4 Nc5 15.
Qd1 Ncd7 16. Nf5 Bf8 17. e5 Nd5 18. Nxd5 cxd5 19. Qf3 Nxe5 20. dxe5 Bc5+ 21.
Kh1 O-O 22. Qg3 g6 23. Bg5 Qd7 24. Nh6+ 1-0

[Event "Schachfestival 2014 - Senioren"]
[Site "Woerishofen Bad"]
[Date "2014.03.28"]
[Round "8.39"]
[White "Koch, Dieter"]
[Black "Rueggeberg, Wilhelm"]
[Result "1-0"]
[WhiteElo "1809"]
[BlackElo "1882"]
[PlyCount "83"]
[EventDate "2014.03.21"]
[EventType "swiss"]
[EventCountry "GER"]
[WhiteTeam "SC Ammersee"]
[BlackTeam "Sfr.Saarburg-Trier"]
[WhiteTeamCountry "GER"]
[BlackTeamCountry "GER"]

1. d4 Nf6 2. e3 d5 3. Bd3 Bg4 4. Nf3 Nbd7 5. Nbd2 e6 6. c3 c5 7. a4 cxd4 8.
exd4 Bd6 9. h3 Bh5 10. a5 a6 11. Qb3 Qc7 12. Ra4 O-O 13. O-O Rab8 14. c4 dxc4
15. Rxc4 Qxa5 16. Qc2 Bg6 17. Bxg6 hxg6 18. Nb3 Qd5 19. Nc5 Bxc5 20. dxc5 Rfc8
21. Rd1 Qf5 22. b4 Qxc2 23. Rxc2 Nd5 24. Bd2 N7f6 25. Ne5 Rc7 26. f3 Rbc8 27.
Rb1 Nd7 28. Nc4 b6 29. Nd6 Rb8 30. c6 b5 31. Rbc1 N7b6 32. Rc5 Na4 33. Rxd5
exd5 34. Bf4 Rb6 35. Re1 Rcxc6 36. Re8+ Kh7 37. Nxf7 g5 38. Nxg5+ Kg6 39. h4
Rb7 40. g4 Rf7 41. h5+ Kf6 42. Nh7# 1-0

[Event "Schachfestival 2014 - Senioren"]
[Site "Woerishofen Bad"]
[Date "2014.03.28"]
[Round "8.38"]
[White "Rothenhagen, Siegfried"]
[Black "Aigner, Georg"]
[Result "1/2-1/2"]
[WhiteElo "1816"]
[BlackElo "1894"]
[PlyCount "119"]
[EventDate "2014.03.21"]
[EventType "swiss"]
[EventCountry "GER"]
[WhiteTeam "SC Ammersee"]
[BlackTeam "TSV Dietfurt/Altm. e.V."]
[WhiteTeamCountry "GER"]
[BlackTeamCountry "AUT"]

1. d4 Nf6 2. Nf3 d5 3. Bf4 e6 4. h3 Bd6 5. Ne5 Nh5 6. Bh2 Nc6 7. Nxc6 bxc6 8.
Bxd6 Qxd6 9. c3 Nf4 10. e3 Ng6 11. Bd3 e5 12. Bxg6 Qxg6 13. Qf3 Ba6 14. Na3 Rb8
15. O-O-O exd4 16. exd4 O-O 17. Qg3 Qxg3 18. fxg3 Rfe8 19. Rde1 Re4 20. Nc2
Rbe8 21. Rxe4 dxe4 22. Ne3 Re6 23. Rd1 Bd3 24. Rd2 Rf6 25. Kd1 Rd6 26. Ke1 g6
27. g4 Kf8 28. Rf2 Ke7 29. Kd2 Rd8 30. g5 Rb8 31. Kc1 Rd8 32. Rf4 Kf8 33. Ng4
Rd5 34. Ne5 Kg8 35. Kd2 c5 36. Nxd3 exd3 37. dxc5 Rxg5 38. Rf2 Rxc5 39. Kxd3 f5
40. Kd4 Rc6 41. Re2 Kf7 42. c4 g5 43. Rf2 Rf6 44. Kc5 f4 45. Rd2 Ke6 46. Kc6
Rf7 47. Re2+ Kf5 48. Kd5 Rf6 49. Re5+ Kg6 50. Re6 Rxe6 51. Kxe6 g4 52. hxg4 Kg5
53. c5 Kxg4 54. Kd7 Kg3 55. Kxc7 Kxg2 56. Kb7 f3 57. Kb8 f2 58. c6 f1=Q 59. c7
Qf7 60. c8=Q 1/2-1/2

[Event "Schachfestival 2014 - Senioren"]
[Site "Woerishofen Bad"]
[Date "2014.03.28"]
[Round "8.34"]
[White "Mahrla, Hans"]
[Black "Blutharsch, Walter"]
[Result "0-1"]
[WhiteElo "1842"]
[BlackElo "1882"]
[PlyCount "50"]
[EventDate "2014.03.21"]
[EventType "swiss"]
[EventCountry "GER"]
[WhiteTeam "SC Eichenau"]
[BlackTeam "VfL Sindelfingen"]
[WhiteTeamCountry "GER"]
[BlackTeamCountry "GER"]

1. d4 d5 2. e3 Nf6 3. f4 c5 4. c3 e6 5. Nf3 Nc6 6. Bd3 Bd7 7. Nbd2 a5 8. O-O
cxd4 9. exd4 Bd6 10. Ne5 Qc7 11. Ndf3 h6 12. Nxd7 Nxd7 13. Ne5 Nf6 14. Qe2 O-O
15. Qf3 Qb6 16. Kh1 Ne7 17. b3 Rac8 18. Rb1 Kh8 19. Bb2 Qc7 20. Rbc1 b6 21. Ba6
Rb8 22. Bb5 Ne4 23. Qe2 Bxe5 24. fxe5 Nf5 25. c4 Nfg3+ 0-1

[Event "Schachfestival 2014 - Senioren"]
[Site "Woerishofen Bad"]
[Date "2014.03.28"]
[Round "8.17"]
[White "Boldt, Heinrich"]
[Black "Schmidt, Wolfgang"]
[Result "1/2-1/2"]
[WhiteElo "1922"]
[BlackElo "2080"]
[PlyCount "30"]
[EventDate "2014.03.21"]
[EventType "swiss"]
[EventCountry "GER"]
[WhiteTeam "TSV Kareth-Lappersdorf"]
[BlackTeam "SC Emmendingen 1937 e.V."]
[WhiteTeamCountry "GER"]
[BlackTeamCountry "GER"]

1. Nf3 Nf6 2. g3 g6 3. Bg2 Bg7 4. O-O O-O 5. d4 d6 6. Re1 c6 7. Nbd2 Qc7 8. e4
Nbd7 9. c3 e5 10. Nc4 b5 11. dxe5 dxe5 12. Qd6 Qxd6 13. Nxd6 Rd8 14. Ng5 Rf8
15. Be3 h6 1/2-1/2

[Event "Schachfestival 2014 - Senioren"]
[Site "Woerishofen Bad"]
[Date "2014.03.28"]
[Round "8.18"]
[White "Seyffer, Guenther"]
[Black "Hager, Eberhard"]
[Result "1/2-1/2"]
[WhiteElo "2054"]
[BlackElo "1882"]
[PlyCount "120"]
[EventDate "2014.03.21"]
[EventType "swiss"]
[EventCountry "GER"]
[WhiteTeam "SK 1929 Jöhlingen"]
[BlackTeam "SC Friedberg im Gehörl. Sportver"]
[WhiteTeamCountry "GER"]
[BlackTeamCountry "GER"]

1. d4 Nf6 2. Nf3 e6 3. Bg5 Be7 4. e3 h6 5. Bh4 Ne4 6. Bxe7 Qxe7 7. c3 c6 8. Bd3
Nf6 9. e4 d6 10. O-O O-O 11. e5 dxe5 12. dxe5 Nd5 13. g3 b6 14. Qe2 a5 15. Nbd2
f6 16. Nh4 Qc7 17. exf6 Nxf6 18. Ne4 Nbd7 19. Ng6 Re8 20. Nf4 Nxe4 21. Qxe4 Nf6
22. Qg6 Rf8 23. Nh5 Qf7 24. Nxf6+ Qxf6 25. Qh7+ Kf7 26. Rae1 Ba6 27. c4 Rad8
28. Re3 Bb7 29. Rfe1 Rd6 30. Be4 Ke8 31. Rf3 Qe7 32. Qg6+ Kd8 33. Ree3 Rd1+ 34.
Kg2 Rxf3 35. Bxf3 Rd6 36. Qe4 Kc8 37. Qe5 c5 38. Bd5 Qd7 39. Bxb7+ Kxb7 40.
Qe4+ Kb8 41. h4 Kc7 42. b3 a4 43. Qe5 axb3 44. axb3 Kb7 45. Kh3 Rc6 46. g4 Rd6
47. f4 Kc8 48. Qe4 Kb8 49. Qe5 Kc8 50. Qe4 Qc6 51. Qxc6+ Rxc6 52. h5 Rd6 53. g5
hxg5 54. fxg5 Kd7 55. Rf3 Ke8 56. g6 Rd7 57. Kg4 Rd4+ 58. Kg5 Rd1 59. Kg4 Rg1+
60. Kf4 Rh1 1/2-1/2

[Event "Schachfestival 2014 - Senioren"]
[Site "Woerishofen Bad"]
[Date "2014.03.28"]
[Round "8.30"]
[White "Reichwald, Klaus"]
[Black "Schweitzer, Paul"]
[Result "1/2-1/2"]
[WhiteElo "1894"]
[BlackElo "1696"]
[PlyCount "34"]
[EventDate "2014.03.21"]
[EventType "swiss"]
[EventCountry "GER"]
[WhiteTeam "SC Lohhof 1950 e.V."]
[BlackTeam "SV Königsjäger Süd-West e.V."]
[WhiteTeamCountry "GER"]
[BlackTeamCountry "GER"]

1. e4 b6 2. d4 e6 3. Nf3 Bb7 4. Bd3 Be7 5. Be3 c6 6. Nbd2 Nf6 7. h3 Ba6 8. Bxa6
Nxa6 9. c3 b5 10. O-O Nc7 11. Ne5 a5 12. f4 Ra6 13. Qf3 d5 14. Rae1 dxe4 15.
Nxe4 Nxe4 16. Qxe4 Qd5 17. Qxd5 Nxd5 1/2-1/2

[Event "Schachfestival 2014 - Senioren"]
[Site "Woerishofen Bad"]
[Date "2014.03.28"]
[Round "8.46"]
[White "Narr, Irmgard"]
[Black "Krase, Peter Axel"]
[Result "1-0"]
[WhiteElo "1761"]
[BlackElo "1927"]
[PlyCount "85"]
[EventDate "2014.03.21"]
[EventType "swiss"]
[EventCountry "GER"]
[WhiteTeam "SC Mühlh.-R.Nürnberg"]
[BlackTeam "TSV Kareth-Lappersdorf"]
[WhiteTeamCountry "GER"]
[BlackTeamCountry "GER"]

1. e4 Nc6 2. Nf3 e5 3. Bc4 Nf6 4. d3 Bc5 5. O-O d6 6. a3 Bg4 7. h3 Bh5 8. b4
Bb6 9. Bb2 O-O 10. Nbd2 Nd4 11. Bxd4 Bxd4 12. Rb1 a6 13. Qc1 Ba7 14. Bb3 Re8
15. c4 Nd7 16. Ne1 Be2 17. Ndf3 Qf6 18. Qd2 Bxf1 19. Kxf1 b5 20. Qc2 Bb6 21.
Qe2 c5 22. Nc2 Nb8 23. Ne3 Qd8 24. Nd5 Nc6 25. g3 Nd4 26. Nxd4 exd4 27. Kg2 Kf8
28. Qh5 h6 29. cxb5 Ra7 30. bxa6 Re5 31. Qf3 f6 32. b5 Ba5 33. a4 Bb4 34. Nf4
Qe8 35. Qg4 Rg5 36. Ne6+ Ke7 37. Nxg5 hxg5 38. Qe6+ Kd8 39. Qxd6+ Rd7 40. Qb8+
Ke7 41. Qxe8+ Kxe8 42. Bd5 Kd8 43. b6 1-0

[Event "Schachfestival 2014 - Senioren"]
[Site "Woerishofen Bad"]
[Date "2014.03.28"]
[Round "8.51"]
[White "Breidenbach, Heinz"]
[Black "Auterhoff, Juergen"]
[Result "0-1"]
[WhiteElo "1503"]
[BlackElo "1803"]
[PlyCount "52"]
[EventDate "2014.03.21"]
[EventType "swiss"]
[EventCountry "GER"]
[WhiteTeam "Scacchistica milanese"]
[BlackTeam "SC Pasing von 1948 e.V."]
[WhiteTeamCountry "ITA"]
[BlackTeamCountry "GER"]

1. d4 Nf6 2. Nf3 e6 3. e3 b6 4. Bd3 Bb7 5. Nbd2 c5 6. c3 cxd4 7. exd4 d5 8. O-O
Bd6 9. Qe2 O-O 10. Re1 Nc6 11. Ne5 Qc7 12. Ndf3 Nd7 13. Bxh7+ Kxh7 14. Ng5+ Kg8
15. Qh5 Nf6 16. Qh3 Nxe5 17. dxe5 Bxe5 18. Nxe6 Bxh2+ 19. Kh1 Qe7 20. Kxh2 Rfe8
21. Bg5 fxe6 22. Re5 Qf7 23. Rae1 Qh5 24. Bh4 Ng4+ 25. Kg1 Nxe5 26. Bg3 Qxh3
0-1

[Event "Schachfestival 2014 - Senioren"]
[Site "Woerishofen Bad"]
[Date "2014.03.28"]
[Round "8.12"]
[White "Nachtkamp, Herbert"]
[Black "Klein, Reinhard"]
[Result "1/2-1/2"]
[WhiteElo "2014"]
[BlackElo "1927"]
[PlyCount "41"]
[EventDate "2014.03.21"]
[EventType "swiss"]
[EventCountry "GER"]
[WhiteTeam "SK Norderstedt von 1975"]
[BlackTeam "SC Roter Turm Altstadt"]
[WhiteTeamCountry "GER"]
[BlackTeamCountry "GER"]

1. d4 Nf6 2. Nf3 e6 3. e3 c5 4. Bd3 d5 5. c3 Nc6 6. Nbd2 Bd6 7. O-O O-O 8. dxc5
Bxc5 9. e4 dxe4 10. Nxe4 Nxe4 11. Bxe4 f5 12. Bxc6 bxc6 13. Ne5 Qc7 14. Qe2 Bd6
15. f4 a5 16. Re1 Ba6 17. Qf2 Rf6 18. Be3 Rb8 19. Rad1 c5 20. Rxd6 Qxd6 21.
Bxc5 1/2-1/2

[Event "Schachfestival 2014 - Senioren"]
[Site "Woerishofen Bad"]
[Date "2014.03.28"]
[Round "8.47"]
[White "Stratmann, Dietrich"]
[Black "Lubberich, Alfred"]
[Result "1/2-1/2"]
[WhiteElo "1697"]
[BlackElo "1892"]
[PlyCount "73"]
[EventDate "2014.03.21"]
[EventType "swiss"]
[EventCountry "GER"]
[WhiteTeam "SC Schwarz-Weiss Northeim"]
[BlackTeam "Schachgemeinschaft Nettetal 1929"]
[WhiteTeamCountry "GER"]
[BlackTeamCountry "GER"]

1. d4 d5 2. Nf3 Nf6 3. e3 e6 4. Bd3 Nbd7 5. Nbd2 b6 6. O-O Bb7 7. Ne5 Be7 8.
Bb5 c5 9. dxc5 Bxc5 10. Nb3 Bd6 11. Nxd7 Nxd7 12. Nd4 O-O 13. f4 Nf6 14. Bd3
Rc8 15. c3 a6 16. Rf3 g6 17. Rh3 Ne4 18. Qe1 Qe7 19. Qh4 Qxh4 20. Rxh4 Rce8 21.
Nf3 f6 22. Nd2 Nc5 23. Bc2 e5 24. Kf2 exf4 25. exf4 Ne4+ 26. Nxe4 dxe4 27. Be3
Bc5 28. Bb3+ Kg7 29. Rd1 Bxe3+ 30. Kxe3 Rd8 31. Rd4 Rxd4 32. cxd4 f5 33. Rh3 h5
34. d5 Kf6 35. Kd4 Rd8 36. Rc3 Rd7 37. h4 1/2-1/2

[Event "Schachfestival 2014 - Senioren"]
[Site "Woerishofen Bad"]
[Date "2014.03.28"]
[Round "8.10"]
[White "Engbrecht, Helmut"]
[Black "Schmidt, Eugen"]
[Result "1/2-1/2"]
[WhiteElo "2037"]
[BlackElo "1958"]
[PlyCount "114"]
[EventDate "2014.03.21"]
[EventType "swiss"]
[EventCountry "GER"]
[WhiteTeam "SV Schorndorf"]
[BlackTeam "SF Oos e.V."]
[WhiteTeamCountry "GER"]
[BlackTeamCountry "GER"]

1. e4 c5 2. Nc3 Nc6 3. Nf3 a6 4. Bc4 e6 5. d3 Na5 6. Bb3 h6 7. Bf4 Nxb3 8. axb3
d6 9. Bg3 Be7 10. d4 Bd7 11. O-O Qb6 12. Na4 Bxa4 13. Rxa4 Rd8 14. Qe2 Nf6 15.
e5 Nh5 16. dxc5 Nxg3 17. hxg3 dxc5 18. Nd2 Qc6 19. f4 b5 20. Ra2 O-O 21. Rfa1
Ra8 22. Qe4 Qb6 23. Kh2 Rfc8 24. c4 b4 25. g4 Bd8 26. f5 a5 27. fxe6 Qxe6 28.
Qf5 Qe7 29. Nf3 Bc7 30. Kh3 Re8 31. Re1 Ra6 32. Raa1 Re6 33. Re2 g6 34. Qc2 Kg7
35. Re4 Kh7 36. Qf2 f6 37. exf6 Qxf6 38. Rxe6 Rxe6 39. Rd1 Bd6 40. Rd5 Qe7 41.
Qd2 Qf6 42. g5 Qf8 43. gxh6 Qxh6+ 44. Qxh6+ Kxh6 45. g3 Kg7 46. Ng5 Re5 47.
Rxd6 Rxg5 48. Ra6 Re5 49. Rxa5 Kf6 50. Kg4 Rf5 51. Ra6+ Kg7 52. Rc6 Kh6 53. Rc7
Rf2 54. Rxc5 Rxb2 55. Rb5 Rxb3 56. c5 Rc3 57. Rxb4 Rxc5 1/2-1/2

[Event "Schachfestival 2014 - Senioren"]
[Site "Woerishofen Bad"]
[Date "2014.03.28"]
[Round "8.15"]
[White "Villing, Dieter"]
[Black "Reinke, Kurt"]
[Result "1-0"]
[WhiteElo "2117"]
[BlackElo "1884"]
[PlyCount "43"]
[EventDate "2014.03.21"]
[EventType "swiss"]
[EventCountry "GER"]
[WhiteTeam "SK 1962 Ladenburg"]
[BlackTeam "SG Benrath"]
[WhiteTeamCountry "GER"]
[BlackTeamCountry "GER"]

1. e4 d6 2. d4 e5 3. Nf3 Bg4 4. dxe5 Nd7 5. exd6 Bxd6 6. Be2 Ngf6 7. Nc3 O-O 8.
Bg5 Re8 9. Qd2 Ne5 10. O-O-O Nxf3 11. gxf3 Be6 12. f4 Be7 13. Qxd8 Raxd8 14.
Rxd8 Rxd8 15. f5 Bc8 16. Rg1 Kf8 17. Bc4 c6 18. e5 Nd5 19. f6 gxf6 20. Bh6+ Ke8
21. Nxd5 cxd5 22. Bb5+ 1-0

[Event "Schachfestival 2014 - Senioren"]
[Site "Woerishofen Bad"]
[Date "2014.03.28"]
[Round "8.9"]
[White "Bauder, Herbert"]
[Black "Minz, Michail"]
[Result "1/2-1/2"]
[WhiteElo "1961"]
[BlackElo "2108"]
[PlyCount "94"]
[EventDate "2014.03.21"]
[EventType "swiss"]
[EventCountry "GER"]
[WhiteTeam "SG Lasker Steglitz-Wilmersdorf"]
[BlackTeam "SK Gau-Algesheim"]
[WhiteTeamCountry "GER"]
[BlackTeamCountry "GER"]

1. d4 d5 2. Nf3 Nf6 3. c4 c6 4. Nc3 g6 5. e3 Bg7 6. Be2 O-O 7. O-O a6 8. b3 Ne4
9. Nxe4 dxe4 10. Nd2 f5 11. c5 Be6 12. Bb2 Nd7 13. Qc2 Nf6 14. Bc4 Nd5 15. Bxd5
Bxd5 16. Nc4 e6 17. Rad1 Bh6 18. Bc1 Qe7 19. Ne5 Bg7 20. Qc3 Bxe5 21. dxe5 Rf7
22. Qd4 Raf8 23. Rfe1 g5 24. g3 Rg7 25. Kf1 Qf7 26. Re2 Qh5 27. Ke1 Qxh2 28.
Kd2 Qg2 29. Kc3 Qf3 30. Qd2 f4 31. gxf4 gxf4 32. Kb4 fxe3 33. Qxe3 Qxe3 34.
Bxe3 Rf5 35. Ree1 Rg6 36. Bd4 Rf3 37. Be3 Rh3 38. Rh1 Rxh1 39. Rxh1 Rg7 40. Ka5
Rf7 41. Rg1+ Kf8 42. Bh6+ Ke7 43. Bg5+ Kd7 44. Bf6 Kc7 45. Rg8 Rd7 46. Re8 Rf7
47. Rg8 Rd7 1/2-1/2

[Event "Schachfestival 2014 - Senioren"]
[Site "Woerishofen Bad"]
[Date "2014.03.28"]
[Round "8.45"]
[White "Scholtyssek, Werner"]
[Black "Neumann, Erwin"]
[Result "0-1"]
[WhiteElo "1799"]
[BlackElo "1932"]
[PlyCount "58"]
[EventDate "2014.03.21"]
[EventType "swiss"]
[EventCountry "GER"]
[WhiteTeam "SK Blankenloch 1947 e.V."]
[BlackTeam "SK Schwäbisch Hall"]
[WhiteTeamCountry "GER"]
[BlackTeamCountry "GER"]

1. c4 e5 2. Nc3 b6 3. Nf3 Nc6 4. e3 Nf6 5. d4 exd4 6. exd4 Bb7 7. Be3 Bb4 8.
Qc2 O-O 9. h3 Re8 10. Bd3 d5 11. O-O dxc4 12. Bxc4 Bxc3 13. bxc3 Qd6 14. Rad1
Nd8 15. Be2 Be4 16. Qc1 Nd5 17. Rfe1 Ne6 18. Ne5 f6 19. Nc4 Qc6 20. f3 Bg6 21.
Bd2 Rad8 22. Ne3 Bf7 23. Nxd5 Qxd5 24. Bd3 Qxa2 25. Bb5 Re7 26. Bc6 Be8 27. Be4
Ba4 28. Bc2 Qxc2 29. Qa3 Ree8 0-1